000 00252nam a2200109Ia 4500
008 190216s9999||||xx |||||||||||||| ||und||
100 _aSharma A K
245 0 _aObjective Botany
260 _bJaiprakash Nath &co
_c1997
300 _a1140p
942 _cREF
999 _c36261
_d36261